The Decembrist Pavel Pestel (Record no. 577059)

MARC details
000 -LEADER
fixed length control field 01029nam a2200169Ia 4500
008 - FIXED-LENGTH DATA ELEMENTS--GENERAL INFORMATION
fixed length control field 250723s9999 xx 000 0 und d
020 ## - INTERNATIONAL STANDARD BOOK NUMBER
ISBN 9780333984550
082 ## - DEWEY DECIMAL CLASSIFICATION NUMBER
Classification number 947.073
Item number OME
100 ## - MAIN ENTRY--AUTHOR NAME
Personal name O'Meara, Patrick
245 #4 - TITLE STATEMENT
Title The Decembrist Pavel Pestel
260 ## - PUBLICATION, DISTRIBUTION, ETC. (IMPRINT)
Name of publisher Palgrave Macmillan
Year of publication 2004
300 ## - PHYSICAL DESCRIPTION
Number of Pages 256 pages
500 ## - GENERAL NOTE
General note Russia's First Republican is designed to fill a gap in the historiography of the Decembrist movement. The research done in archives and libraries in Russia, the US, and the UK has led to the production of a comprehensive study of Pestel, the political activist and ideologue. It comprises a reconstruction of his formative years, an analysis of his role in the Decembrist secret societies from 1816 to 1825, and an assessment of his ideological contribution to the early nineteenth-century Russian revolutionary movement. Particular attention is paid to his highly original project for a Russian republic, Russian Justice.
650 ## - SUBJECT ADDED ENTRY--TOPICAL TERM
Topical Term History
942 ## - ADDED ENTRY ELEMENTS (KOHA)
Koha item type English Books
Holdings
Withdrawn status Lost status Damaged status Not for loan Home library Current library Shelving location Date acquired Full call number Accession Number Price effective from Koha item type
        Anna Centenary Library Anna Centenary Library 7TH FLOOR, B WING 23.07.2025 947.073 OME 306145 23.07.2025 English Books

Find us on the map